TEXT BOOK OF ORAL & MAXILLOFACIAL SURGERY (Record no. 3821)

MARC details
000 -LEADER
fixed length control field 00378nam a2200145Ia 4500
008 - FIXED-LENGTH DATA ELEMENTS--GENERAL INFORMATION
fixed length control field 150201s2008 xx 000 0 und d
082 ## - DEWEY DECIMAL CLASSIFICATION NUMBER
Classification number 617.525
Item number O2008M
100 ## - MAIN ENTRY--PERSONAL NAME
Personal name MALIK,NEELIMA
245 ## - TITLE STATEMENT
Title TEXT BOOK OF ORAL & MAXILLOFACIAL SURGERY
250 ## - EDITION STATEMENT
Edition statement 2ND
260 ## - PUBLICATION, DISTRIBUTION, ETC. (IMPRINT)
Name of publisher, distributor, etc. JAYPEE MEDICAL PUBLISHER
Place of publication, distribution, etc. DELHI
Date of publication, distribution, etc. 2008
300 ## - PHYSICAL DESCRIPTION
Extent 1-815
650 ## - SUBJECT ADDED ENTRY--TOPICAL TERM
Topical term or geographic name as entry element ORAL SURGERY
942 ## - ADDED ENTRY ELEMENTS (KOHA)
Source of classification or shelving scheme Dewey Decimal Classification
Koha item type Books
Koha issues (borrowed), all copies 1
Holdings
Withdrawn status Lost status Source of classification or shelving scheme Damaged status Not for loan Home library Current library Date acquired Source of acquisition Cost, normal purchase price Serial Enumeration / chronology SGTU Bill Number Total Checkouts Full call number Barcode Date last seen Bill Date Koha item type Date last checked out
    Dewey Decimal Classification     SGT Dental Library SGT Dental Library 09/01/2008 DELHI BOOK STORE (DELHI) 895.00 1 SGTU 1550   617.525 O2008M FD4730 09/02/2015 16/10/2012 Books  
    Dewey Decimal Classification     SGT Dental Library SGT Dental Library 09/01/2008 DELHI BOOK STORE (DELHI) 895.00 1 SGTU 1550 9 617.525 O2008M FD4731 10/01/2026 16/10/2012 Books 24/12/2025
    Dewey Decimal Classification     SGT Dental Library SGT Dental Library 09/01/2008 DELHI BOOK STORE (DELHI) 895.00 1 SGTU 1550 17 617.525 O2008M FD4732 06/10/2022 16/10/2012 Books 29/09/2022
    Dewey Decimal Classification     SGT Dental Library SGT Dental Library 18/02/2008 U.B.S.DELHI 895.00 1 SGTU 1023 14 617.525 O2008M FD4982 10/01/2026 11/01/2013 Books 24/12/2025